<?xml version="1.0" encoding="UTF-8"?>
<marc:record xmlns:marc="http://www.loc.gov/MARC21/slim">
   <marc:leader>00000nam a2200000 a 4500</marc:leader>
   <marc:datafield ind1="1" ind2=" " tag="100">
      <marc:subfield code="a">Buchwald, Gerhard</marc:subfield>
      <marc:subfield code="4">aut</marc:subfield>
      <marc:subfield code="e">Verfasser/-in</marc:subfield>
   </marc:datafield>
   <marc:datafield ind1=" " ind2=" " tag="653">
      <marc:subfield code="a">Impfung</marc:subfield>
   </marc:datafield>
   <marc:datafield ind1=" " ind2=" " tag="653">
      <marc:subfield code="a">Impfschaden</marc:subfield>
   </marc:datafield>
   <marc:datafield ind1="0" ind2="0" tag="245">
      <marc:subfield code="a">Impfen</marc:subfield>
   </marc:datafield>
   <marc:datafield ind1="0" ind2="0" tag="245">
      <marc:subfield code="b">das Geschäft mit der Angst</marc:subfield>
   </marc:datafield>
   <marc:datafield ind1="0" ind2="0" tag="245">
      <marc:subfield code="c">G. Buchwald</marc:subfield>
   </marc:datafield>
   <marc:datafield ind1=" " ind2="1" tag="264">
      <marc:subfield code="a">Lahnstein</marc:subfield>
      <marc:subfield code="b">Emu</marc:subfield>
      <marc:subfield code="c">2008</marc:subfield>
   </marc:datafield>
   <marc:datafield ind1=" " ind2=" " tag="250">
      <marc:subfield code="a">4., [veränd.] Aufl.</marc:subfield>
   </marc:datafield>
   <marc:datafield ind1="1" ind2=" " tag="520">
      <marc:subfield code="a">Angaben aus der Verlagsmeldung

Impfen : Das Geschäft mit der Angst / von Gerhard Buchwald

Eine große Koalition von Gesundheitsbehörden, Ärzten und der Pharmaindustrie behauptet, dass Impfen vor Krankheiten schützt. Die Fakten in diesem Buch belegen: Das Gegenteil ist der Fall. Impfen macht viele Menschen krank!

Folgenschwere Infektionskrankheiten und Seuchen waren bereits lange vor Einführung der großen Impfkampagnen stark rückläufig. Das Risiko eines Impfschadens ist heute in aller Regel größer als die Wahrscheinlichkeit eines Gesundheitsschadens durch die betreffende Krankheit.

Besonders Kleinkinder reagieren stark auf Impfungen und haben oft unter teils schweren Nebenwirkungen zu leiden. Eltern haben ein Recht darauf, nicht nur über den vermeintlichen Nutzen, sondern auch über die möglichen Risiken und Gefahren einer Impfung aufgeklärt zu werden.

Jeder mündige Bürger muss sich entscheiden dürfen, ob er das Risiko einer Erkrankung oder die Gefahr eines möglichen Impfschadens höher einschätzt.
</marc:subfield>
   </marc:datafield>
   <marc:datafield ind1=" " ind2=" " tag="020">
      <marc:subfield code="a">9783891891780</marc:subfield>
      <marc:subfield code="9">9783891891780</marc:subfield>
   </marc:datafield>
   <marc:datafield ind1=" " ind2=" " tag="041">
      <marc:subfield code="a">ger</marc:subfield>
   </marc:datafield>
   <marc:datafield ind1=" " ind2=" " tag="300">
      <marc:subfield code="a">381 S.</marc:subfield>
   </marc:datafield>
</marc:record>
